Wortgemisch - Hauptstädte Nordamerikas - Statistiken

Allgemein
  • Dieses Quiz wurde 38 mal gespielt
  • Das Durchschnittsergebnis liegt bei 9 aus 15
Antwortstatistiken
Hauptstadt % Korrekt
Havanna
89%
Ottawa
83%
Nassau
80%
Managua
75%
San Salvador
72%
Belmopan
71%
San José
65%
Kingston
64%
Roseau
60%
Bridgetown
58%
Tegucigalpa
58%
Washington D.C.
58%
Castries
57%
Mexiko-Stadt
57%
Port-au-Prince
57%
Kingstown
56%
Basseterre
47%
Panama-Stadt
46%
Saint John's
41%
Port-of-Spain
40%
Guatemala-Stadt
38%
Santo Domingo
35%
Saint George's
29%
Keine übereinstimmenden Quizze gefunden
Verteilung der Resultate
Anzahl Personen mit jedem Resultat
Perzentil nach korrekt beantworteten Fragen
Ihre Resultats-Entwicklung
Sie haben dieses Quiz noch nicht gespielt